000 00512nam a2200145 a 4500
008 120416s1970 ||||||||||||||||| || u
050 _aPE 1251 Yot
100 _aYotsukura, Sayo
245 1 4 _aThe Articles in English
246 _aa structural analysis of usage
260 _aThe Hague
_bMounton
_c1970
300 _a113p.
350 _a0.00
995 _D0.00
_FCBU-MAIN LIBRARY (Kitwe)
_H1
_I0.00
_M1
_UWEEDED
_VJul 26, 2017
_ZMain Library Open Access Collection
999 _c34879
_d34879